[Event "Wch U14"]
[Site "Khanty-Mansiysk"]
[Date "2016.10.02"]
[Round "10"]
[White "Blohberger, Felix"]
[Black "Zhou, Junfeng"]
[Result "1/2-1/2"]
[WhiteElo "2256"]
[BlackElo "2125"]
[PlyCount "69"]
[EventDate "2016.09.22"]
[EventType "swiss"]
[EventRounds "11"]
[EventCountry "RUS"]
[SourceTitle "EXT 2017"]
[Source "ChessBase"]
[SourceDate "2016.10.25"]
[SourceVersion "1"]
[SourceVersionDate "2016.10.25"]
[SourceQuality "1"]

1. d4 Nf6 2. c4 g6 3. Nc3 d5 4. cxd5 Nxd5 5. e4 Nxc3 6. bxc3 Bg7 7. Nf3 0-0 8. Be3 c5 9. Qd2 Qa5 10. Rb1 a6 11. Rc1 Bg4 12. d5 e5 13. c4 Qc7 14. Be2 Bxf3 15. Bxf3 Nd7 16. h4 f5 17. exf5 gxf5 18. d6 Qc8 19. Bd5+ Kh8 20. Bg5 e4 21. Rb1 Rb8 22. Be7 Ne5 23. Bxf8 Nd3+ 24. Kf1 Qxf8 25. Rh3 Qxd6 26. Qg5 Qe5 27. h5 h6 28. Qg3 f4 29. Qg6 Qd4 30. Rxd3 Qxd3+ 31. Kg1 Qxb1+ 32. Kh2 Qb2 33. Bxe4 Kg8 34. Bd5+ Kh8 35. Be4 1/2-1/2

[Event "Wch U14"]
[Site "Khanty-Mansiysk"]
[Date "2016.09.25"]
[Round "4"]
[White "Zhou, Junfeng"]
[Black "Sargsyan, Shant"]
[Result "0-1"]
[WhiteElo "2125"]
[BlackElo "2440"]
[PlyCount "82"]
[EventDate "2016.09.22"]
[EventType "swiss"]
[EventRounds "11"]
[EventCountry "RUS"]
[SourceTitle "EXT 2017"]
[Source "ChessBase"]
[SourceDate "2016.10.25"]
[SourceVersion "1"]
[SourceVersionDate "2016.10.25"]
[SourceQuality "1"]

1. c4 Nf6 2. Nc3 c5 3. Nf3 e6 4. e3 Nc6 5. d4 d5 6. cxd5 exd5 7. Be2 cxd4 8. Nxd4 Bd6 9. 0-0 0-0 10. Nf3 Bg4 11. h3 Be6 12. Nb5 Bb8 13. b3 Ne4 14. Bb2 Re8 15. Re1 a6 16. Nbd4 Bd7 17. Rc1 Qc7 18. Nxc6 bxc6 19. Qd4 f6 20. Red1 Qd6 21. Qa4 c5 22. Qa5 Bc7 23. Qa3 Kh8 24. Bd3 Nxf2 25. Kxf2 Qg3+ 26. Kg1 Bxh3 27. Rd2 c4 28. Qc5 Bd6 29. Qxd5 cxd3 30. Qxd3 Bb4 31. Bc3 Rac8 32. a3 Bc5 33. Re1 Bg4 34. Rf2 Rcd8 35. Nd4 Bd6 36. Kf1 Qh2 37. Nf3 Bxf3 38. gxf3 Qh3+ 39. Ke2 Bg3 40. Bd4 Qh4 41. Rg2 Rxd4 0-1

[Event "CHN Team"]
[Site "Wuxi"]
[Date "2016.08.04"]
[Round "9.3"]
[White "Zhou, Junfeng"]
[Black "Zhao, Yuanhe"]
[Result "0-1"]
[WhiteElo "2022"]
[BlackElo "2328"]
[PlyCount "88"]
[EventDate "2016.07.28"]
[EventType "team-swiss"]
[EventRounds "9"]
[EventCountry "CHN"]
[SourceTitle "CBM 173 Extra"]
[Source "ChessBase"]
[SourceDate "2016.08.29"]
[SourceVersion "1"]
[SourceVersionDate "2016.08.29"]
[SourceQuality "1"]
[WhiteTeam "Shanghai"]
[BlackTeam "Chengdu"]
[WhiteTeamCountry "CHN"]
[BlackTeamCountry "CHN"]

1. c4 g6 2. Nc3 c5 3. g3 Nc6 4. Bg2 Bg7 5. Nf3 d6 6. 0-0 Nf6 7. d4 cxd4 8. Nxd4 Bd7 9. Nc2 0-0 10. b3 Qa5 11. Bd2 Qh5 12. e4 Qxd1 13. Raxd1 Rfc8 14. Rfe1 Rab8 15. Ne3 a6 16. Ned5 b5 17. cxb5 axb5 18. Nxf6+ Bxf6 19. Nd5 Bb2 20. Be3 Be6 21. Re2 Ba3 22. Nb6 Rc7 23. Rc2 Bc5 24. Bxc5 dxc5 25. Nd5 Bxd5 26. Rxd5 c4 27. Rc5 Rbc8 28. bxc4 Nd4 29. Rxc7 Rxc7 30. Rd2 e5 31. c5 Rxc5 32. f4 f6 33. fxe5 fxe5 34. Kf2 Kf7 35. Bf1 Ke7 36. Rb2 Kd6 37. Bd3 Kc6 38. Rb1 Rc3 39. Ke3 Ra3 40. Rb2 Kc5 41. Kd2 b4 42. Ke3 Nb5 43. Rf2 Nc3 44. Rf7 Rxa2 0-1

[Event "CHN Team"]
[Site "Wuxi"]
[Date "2016.07.29"]
[Round "3.1"]
[White "Zhou, Junfeng"]
[Black "Yu, Ruiyuan"]
[Result "0-1"]
[WhiteElo "2022"]
[BlackElo "2501"]
[PlyCount "92"]
[EventDate "2016.07.28"]
[EventType "team-swiss"]
[EventRounds "9"]
[EventCountry "CHN"]
[SourceTitle "CBM 173 Extra"]
[Source "ChessBase"]
[SourceDate "2016.08.29"]
[SourceVersion "1"]
[SourceVersionDate "2016.08.29"]
[SourceQuality "1"]
[WhiteTeam "Shanghai"]
[BlackTeam "Jiangsu Lvyang"]
[WhiteTeamCountry "CHN"]
[BlackTeamCountry "CHN"]

1. c4 e5 2. Nc3 Bb4 3. g3 Bxc3 4. bxc3 d6 5. Bg2 f5 6. Nf3 Nf6 7. 0-0 0-0 8. d3 c5 9. Ne1 Nc6 10. Nc2 Qe8 11. Bg5 Nh5 12. Bd2 f4 13. e3 g5 14. exf4 exf4 15. Re1 Qg6 16. d4 g4 17. Bxf4 Nxf4 18. gxf4 Bf5 19. Ne3 cxd4 20. cxd4 Qg7 21. Nxf5 Rxf5 22. Bxc6 bxc6 23. Re4 Raf8 24. Qd2 Qf7 25. Qe2 Rxf4 26. Rxf4 Qxf4 27. Rd1 h5 28. Qd2 Kg7 29. d5 c5 30. Qe2 Rf7 31. Re1 h4 32. Qb2+ Kg6 33. Re6+ Rf6 34. Rxf6+ Qxf6 35. Qe2 Kg5 36. Qe3+ Kh5 37. h3 gxh3 38. Qxh3 Qg5+ 39. Kh1 Qf4 40. Kg1 Kg5 41. Qd3 Qd4 42. Qe2 Kf4 43. Qe6 Qe5 44. Qh6+ Kf3 45. Qxh4 Qg7+ 46. Kf1 Qa1# 0-1